<?xml version="1.0" encoding="UTF-8"?><?xml-stylesheet type="text/xsl" href="static/style.xsl"?><OAI-PMH xmlns="http://www.openarchives.org/OAI/2.0/" xmlns:xsi="http://www.w3.org/2001/XMLSchema-instance" xsi:schemaLocation="http://www.openarchives.org/OAI/2.0/ http://www.openarchives.org/OAI/2.0/OAI-PMH.xsd"><responseDate>2026-04-17T01:17:33Z</responseDate><request verb="GetRecord" identifier="oai:www.recercat.cat:2117/432672" metadataPrefix="marc">https://recercat.cat/oai/request</request><GetRecord><record><header><identifier>oai:recercat.cat:2117/432672</identifier><datestamp>2026-02-07T09:33:31Z</datestamp><setSpec>com_2072_1033</setSpec><setSpec>col_2072_452950</setSpec></header><metadata><record xmlns="http://www.loc.gov/MARC21/slim" xmlns:dcterms="http://purl.org/dc/terms/" xmlns:xsi="http://www.w3.org/2001/XMLSchema-instance" xmlns:doc="http://www.lyncode.com/xoai" xsi:schemaLocation="http://www.loc.gov/MARC21/slim http://www.loc.gov/standards/marcxml/schema/MARC21slim.xsd">
   <leader>00925njm 22002777a 4500</leader>
   <datafield ind2=" " ind1=" " tag="042">
      <subfield code="a">dc</subfield>
   </datafield>
   <datafield ind2=" " ind1=" " tag="720">
      <subfield code="a">Ben Rached, Sahar</subfield>
      <subfield code="e">author</subfield>
   </datafield>
   <datafield ind2=" " ind1=" " tag="720">
      <subfield code="a">Navarro Reyes, Sergio</subfield>
      <subfield code="e">author</subfield>
   </datafield>
   <datafield ind2=" " ind1=" " tag="720">
      <subfield code="a">Khan, Junaid</subfield>
      <subfield code="e">author</subfield>
   </datafield>
   <datafield ind2=" " ind1=" " tag="720">
      <subfield code="a">García Almudever, Carmen</subfield>
      <subfield code="e">author</subfield>
   </datafield>
   <datafield ind2=" " ind1=" " tag="720">
      <subfield code="a">Alarcón Cot, Eduardo José</subfield>
      <subfield code="e">author</subfield>
   </datafield>
   <datafield ind2=" " ind1=" " tag="720">
      <subfield code="a">Abadal Cavallé, Sergi</subfield>
      <subfield code="e">author</subfield>
   </datafield>
   <datafield ind2=" " ind1=" " tag="260">
      <subfield code="c">2024</subfield>
   </datafield>
   <datafield ind2=" " ind1=" " tag="520">
      <subfield code="a">Modularity is a promising approach for scaling up quantum computers and, therefore, integrating higher qubit counts. The essence of such architectures lies in their reliance on high-¿delity and fast quantum state transfers enabled by generating entanglement between chips. In addressing the challenge of implementing quantum coherent communication channels to interconnect quantum processors, various techniques have been proposed to account for qubit technology specifications and the implemented communication protocol. By employing DesignSpace Exploration (DSE) methodologies, this work presents a comparative analysis of cavity-mediated interconnect technologies according to a defined figure of merit. We identify the configurations related to the cavity and atomic decay rates, as well as the qubit-cavity coupling strength, that meet the efficiency thresholds. We therefore contribute to benchmarking contemporary cavity-mediated quantum interconnects and guide the development of reliable and scalable chip-to-chip links for modular quantum computers.</subfield>
   </datafield>
   <datafield ind2=" " ind1=" " tag="520">
      <subfield code="a">We gratefully acknowledge funding from the European Commission through HORIZON-EIC-2022-PATHFINDEROPEN-01- 101099697 (QUADRATURE) and grant HORIZON-ERC-2021-101042080 (WINC). Authors acknowledge support from the QCOMM-CAT-Planes Complementarios: Comunicación Cuántica - supported by MICIN with funding from the European Union, NextGenerationEU (PRTR-C17.I1) and by Generalitat de Catalunya, and by ICREA Academia Award 2024. CGA also acknowledges funding from the Spanish Ministry of Science, Innovation and Universities through the Beatriz Galindo program 2020 (BG20-00023).</subfield>
   </datafield>
   <datafield ind2=" " ind1=" " tag="520">
      <subfield code="a">Peer Reviewed</subfield>
   </datafield>
   <datafield ind2=" " ind1=" " tag="520">
      <subfield code="a">Postprint (author's final draft)</subfield>
   </datafield>
   <datafield tag="653" ind2=" " ind1=" ">
      <subfield code="a">Àrees temàtiques de la UPC::Informàtica::Arquitectura de computadors</subfield>
   </datafield>
   <datafield tag="653" ind2=" " ind1=" ">
      <subfield code="a">Modular quantum computers</subfield>
   </datafield>
   <datafield tag="653" ind2=" " ind1=" ">
      <subfield code="a">Quantum communication</subfield>
   </datafield>
   <datafield tag="653" ind2=" " ind1=" ">
      <subfield code="a">On-chip networks</subfield>
   </datafield>
   <datafield tag="653" ind2=" " ind1=" ">
      <subfield code="a">Quantum interconnects</subfield>
   </datafield>
   <datafield tag="653" ind2=" " ind1=" ">
      <subfield code="a">Design space exploration</subfield>
   </datafield>
   <datafield ind2="0" ind1="0" tag="245">
      <subfield code="a">Benchmarking emerging cavity-mediated quantum interconnect technologies for modular quantum computers</subfield>
   </datafield>
</record></metadata></record></GetRecord></OAI-PMH>